Splendours of an Islamic world (Record no. 65230)

MARC details
000 -LEADER
fixed length control field 00334nam a22001217a 4500
020 ## - INTERNATIONAL STANDARD BOOK NUMBER
ISBN 1 86064219 5
082 ## - DEWEY DECIMAL CLASSIFICATION NUMBER
Classification number 297.91
100 ## - MAIN ENTRY--AUTHOR NAME
Personal name Henri and Anne Stierlin
245 ## - TITLE STATEMENT
Title Splendours of an Islamic world
260 ## - PUBLICATION, DISTRIBUTION, ETC. (IMPRINT)
Place of publication UK
Name of publisher Tauris Parke Book an imprint of I.B. Tauris and Co. ltd Victoria House
Year of publication 1997
300 ## - PHYSICAL DESCRIPTION
Number of Pages 219 p.
942 ## - ADDED ENTRY ELEMENTS (KOHA)
Koha item type Books
Holdings
Withdrawn status Lost status Home library Current library Date acquired Full call number Accession Number Koha item type
    Reference Section Reference Section 09/07/2019 297.91 (Shelf -19E) R22430 Books